Oan nghiệt = Cold is the grave
Gardado en:
| Autor Principal: | |
|---|---|
| Formato: | Libro |
| Idioma: | Undetermined |
| Publicado: |
Hà Nội
Văn Học
2003
|
| Những chủ đề: | |
| Các nhãn: |
Engadir etiqueta
Sen Etiquetas, Sexa o primeiro en etiquetar este rexistro!
|
| Thư viện lưu trữ: | Trung tâm Học liệu Trường Đại học Cần Thơ |
|---|
| LEADER | 00578nam a2200205Ia 4500 | ||
|---|---|---|---|
| 001 | CTU_58272 | ||
| 008 | 210402s9999 xx 000 0 und d | ||
| 082 | |a 813.6 | ||
| 082 | |b R658 | ||
| 100 | |a Robinson, Petter | ||
| 245 | 0 | |a Oan nghiệt = | |
| 245 | 0 | |b Cold is the grave | |
| 245 | 0 | |c Petter Robinson; Văn Hòa và Kim Thùy biên dịch | |
| 260 | |a Hà Nội | ||
| 260 | |b Văn Học | ||
| 260 | |c 2003 | ||
| 650 | |a American fiction ( vietnamese ) | ||
| 650 | |y 21th century | ||
| 904 | |i Minh | ||
| 980 | |a Trung tâm Học liệu Trường Đại học Cần Thơ | ||